000 00297cam a22001097a 4500
008 180718b1999 xxu||||| |||| 00| 0 eng d
082 _aK M697b
100 _aMitram,N.R.
245 _aBest management of human biomachine
_cby N.R.Mitra
260 _aDelhi
_bDevika publication
_c1999
300 _a168p.
999 _c503841
_d503841